[Event "CHI-ch Absoluto 2020"]
[Site "Las Condes"]
[Date "2020.02.17"]
[Round "8.3"]
[White "Romero Araya, Diego Alonso"]
[Black "Vergara Jofre, Felipe Andres"]
[Result "1-0"]
[WhiteElo "2252"]
[BlackElo "2217"]
[Annotator "TA"]
[PlyCount "135"]
[EventDate "2020.02.11"]
[EventType "tourn"]
[EventCountry "CHI"]
[SourceTitle "playchess.com"]
[Source "ChessBase"]
[SourceQuality "1"]

{[%evp 16,135,29,35,33,16,21,22,25,19,23,18,25,11,14,0,0,0,7,0,0,0,0,-23,0,-140,-6,-17,19,18,0,0,34,11,45,41,42,49,64,44,40,21,35,17,17,21,20,0,0,0,56,56,38,44,66,19,23,15,151,57,108,64,73,50,55,0,8,4,38,34,133,0,0,0,0,-24,0,-24,0,0,0,0,0,0,0,0,8,8,8,8,80,80,106,97,450,443,818,781,694,536,487,502,447,250,199,190,29955,11507,29969,29969,29976,29977,29976,599,29970,29970,29980,29981,29981,29981,29988,29989]} 1. e4 c5 2. Nf3 Nc6 3. Bb5 g6 4. Bxc6 dxc6 5. O-O Bg7 6. d3 Nf6 7. Nc3 Bg4 8. h3 Bxf3 9. Qxf3 Nd7 {B31: Sicilian: 2...Nc6 3 Bb5 g6.} 10. Be3 O-O 11. Qe2 e5 {The position is equal.} 12. Qd2 Re8 {[#]} 13. Bh6 $146 ({Predecessor:} 13. Rae1 Qe7 14. Ne2 {½-½ (14) Magomedov,M (2435)-Kiselev,S (2470) Cheliabinsk 1993}) 13... Bh8 14. f4 exf4 $1 15. Qxf4 {[%csl Gf1][%cal Rf4f7]} Qe7 16. Rae1 Be5 17. Qf3 Rad8 18. Kh1 Qe6 19. Ne2 b5 20. Nf4 (20. c3 $11) 20... Qf6 (20... Qe7 $1 $17 21. Ne2 Bxb2) 21. Qg4 $11 {next Bg5 is good for White.} Bxf4 (21... Qe7 {feels hotter.} 22. b3 c4 23. Rd1 cxd3 24. Nxd3 a5) 22. Qxf4 Qxf4 23. Bxf4 f6 24. Be3 Kg7 25. g4 h6 26. Kg2 a6 27. Kg3 Re6 28. h4 Rde8 29. g5 hxg5 30. hxg5 f5 31. Bd2 fxe4 32. Bc3+ Ne5 (32... Kg8 $11) 33. Rxe4 $14 {aiming for Rfe1.} b4 34. Bd2 $36 {[%mdl 2048] White has some pressure.} Nf7 35. Rfe1 Rxe4 36. Rxe4 $11 {[%mdl 4096] Endgame KRB-KRN} Rd8 (36... Rxe4 $11 {keeps the balance.} 37. dxe4 Ne5) 37. Kg4 (37. Bf4 $16) 37... a5 ({Black should play} 37... Kf8 $14) 38. Be3 Rd5 $1 39. Re7 Kf8 40. Ra7 c4 41. d4 Nd8 42. c3 Ne6 ({Better is} 42... Rf5 $1 $14) 43. Bf4 (43. Ra6 $16) 43... Nxf4 44. Kxf4 {KR-KR} Rf5+ 45. Kg4 Ke8 46. Rc7 Rf2 47. cxb4 axb4 48. Rxc6 {[%mdl 64] Double Attack} Rxb2 {Strongly threatening ...c3.} 49. Rxc4 Kd7 50. Kf4 Kd6 51. Ke4 Rb1 52. Rc5 {Black should prevent Ra5.} Rb2 {[#]} (52... Re1+ $11 53. Kd3 Ra1) 53. Ra5 $1 $16 Re2+ 54. Kd3 Rg2 $2 {[%mdl 8192]} (54... Rb2 $16) 55. Kc4 $18 Rb2 (55... Rc2+ $142 56. Kxb4 Rd2) 56. Ra6+ Ke7 57. Kd5 Rg2 58. Rxg6 Rxa2 59. Rg7+ (59. Kc4 $142) 59... Kf8 60. Rb7 Ra5+ $2 (60... Rg2 $18) 61. Kc6 (61. Ke6 $142 Ra2 62. Rxb4 Re2+ 63. Kd6 Rg2 64. d5 Kg8 65. Kc6 Kf7 66. d6 Rc2+ 67. Kd7) 61... Rxg5 62. d5 Rg4 63. d6 Rc4+ 64. Kd7 (64. Kd5 $142 Rc1 65. Rb8+ Kf7 66. d7 Rd1+ 67. Kc6 Ke7 68. Re8+ Kf7 69. Rb8) 64... Rd4 65. Kc7 {White mates.} Kf7 66. d7 Ke7 {[#]} 67. Kc8 $1 Rc4+ 68. Rc7 {Accuracy: White = 82%, Black = 55%.} 1-0

[Event "CHI-ch Absoluto 2020"]
[Site "Las Condes"]
[Date "2020.02.17"]
[Round "8.4"]
[White "Reinuaba Escobar, Carlos"]
[Black "Valenzuela Fuentealba, Luis"]
[Result "1/2-1/2"]
[WhiteElo "2184"]
[BlackElo "2450"]
[Annotator "TA"]
[PlyCount "69"]
[EventDate "2020.02.11"]
[EventType "tourn"]
[EventCountry "CHI"]
[SourceTitle "playchess.com"]
[Source "ChessBase"]
[SourceQuality "1"]

{[%evp 14,69,58,32,33,32,39,43,54,45,41,52,60,55,64,58,60,49,75,64,64,82,63,66,70,55,45,64,90,69,82,65,344,318,404,472,472,465,497,483,483,484,490,479,472,456,451,458,397,-41,6245,147,2510,0,2612,0,1949,0]} 1. e4 c5 2. Nf3 e6 3. d4 cxd4 4. Nxd4 a6 5. Bd3 Bc5 6. Nb3 Be7 7. Qg4 g6 8. Qe2 d6 {B42: Sicilian: Kan Variation: 5 Bd3.} 9. O-O Nd7 10. c4 {10.a4 is setting a new trend.} Qc7 {White is slightly better.} 11. Nc3 Ne5 12. Be3 Bd7 13. Rac1 Rc8 14. Nd2 Nf6 15. h3 {[#]} O-O $146 ({Predecessor:} 15... Nxd3 16. Qxd3 O-O 17. b3 Bc6 18. Bg5 Qa5 19. f4 Rfe8 20. Kh2 Rcd8 21. Nf3 Nh5 {½-½ (28) Yemelin,V (2534)-Landa,K (2621) Kallithea 2002}) 16. Bb1 Rfe8 {[%cal Re5c4]} 17. b3 Bc6 18. f4 Ned7 19. Nf3 b6 20. Qf2 Bb7 21. Ng5 $36 {[%mdl 2048] White is pushing.} Bf8 22. e5 Nh5 $2 {[%mdl 8192]} ({Black should play} 22... dxe5 $14 23. fxe5 Qxe5) 23. g4 $1 $18 Ng7 24. Qh4 {[%csl Gg5][%cal Rh4h7]} h5 25. gxh5 gxh5 (25... Qc6 26. Be4 $1 {[%mdl 512]}) 26. f5 (26. Bh7+ Kh8 $18) 26... exf5 ({Reject} 26... Qc6 27. Be4) ({Not} 26... Nxe5 27. f6) 27. Nd5 Bxd5 28. cxd5 Qb7 {aiming for ...Rxc1.} 29. Rxc8 Qxc8 30. Bxf5 Rxe5 31. Nxf7 $2 (31. Bh7+ $18 Kh8 32. Bb1 (32. Nxf7+ Kxh7 33. Qf4 Rf5 $11)) 31... Rxe3 $4 {[%mdl 8192] [#]} (31... Nxf5 $15 32. Qxh5 Qc3 33. Qg6+ Bg7 34. Nxe5 Qxe3+ 35. Rf2 Nxe5 36. Qxf5 Qd3) 32. Nh6+ (32. Qg5 $142 $1 {[%mdl 512]} Rg3+ 33. Qxg3) 32... Kh8 33. Nf7+ Kg8 34. Nh6+ Kh8 {[#]} 35. Nf7+ $2 {Accuracy: White = 84%, Black = 60%.} ({White must play} 35. Qg5 $1 $18 Rg3+ 36. Qxg3 Qc5+ 37. Kh2) 1/2-1/2

[Event "CHI-ch Absoluto 2020"]
[Site "Las Condes"]
[Date "2020.02.17"]
[Round "8.5"]
[White "Gomez Barrera, Gonzalo Andres"]
[Black "Olivares Olivares, Claudio"]
[Result "1-0"]
[WhiteElo "2040"]
[BlackElo "2395"]
[Annotator "TA"]
[PlyCount "105"]
[EventDate "2020.02.11"]
[EventType "tourn"]
[EventCountry "CHI"]
[SourceTitle "playchess.com"]
[Source "ChessBase"]
[SourceQuality "1"]

{[%evp 9,104,17,27,20,33,31,30,32,29,30,92,83,95,74,72,72,483,490,483,481,538,532,495,517,839,836,888,854,1166,1116,1079,899,932,647,931,924,1028,1015,1149,1062,1108,1072,1377,1240,1222,1213,1122,1023,983,991,1046,1046,1214,1190,1229,1224,1591,1495,5425,5425,4718,4706,4706,1844,29987,29988,29988,29989,29989,29990,29990,29991,29991,29992,29992,29993,29993,29993,29993,29994,29994,29994,29994,29994,29994,29994,29994,29994,29994,29995,29995,29996,29996,29997,29998,29999,29999]} 1. e4 c5 2. Nf3 d6 3. Bb5+ Nd7 {[%cal Bb8d7,Bd7e5,Be5f3][%mdl 32]} 4. O-O a6 5. Bd3 Ngf6 6. c3 {B51: Sicilian: Moscow Variation (3 Bb5+) without 3...Bd7.} g6 7. Bc2 Ne5 8. d4 {White has an edge.} Nxf3+ 9. Qxf3 {[#]} Qc7 $146 (9... Bg7 $11) ({Predecessor:} 9... Bg7 10. dxc5 dxc5 11. Rd1 Qc7 12. h3 O-O 13. a4 Be6 14. a5 Rfd8 15. Rxd8+ Rxd8 {½-½ (45) Khairullin,I (2630)-Matinian,N (2495) Sochi 2016}) 10. e5 $1 $16 {[%cal Re5f6]} dxe5 11. dxe5 Qxe5 12. Ba4+ $1 Bd7 $2 {[%mdl 8192] [#]} (12... Nd7 $16 {is a better chance.}) 13. Bxd7+ $1 $18 Nxd7 {[#]} 14. Bf4 $1 {[%cal Rf4e5]} Qf6 15. Qxb7 Qxf4 16. Qxa8+ Nb8 (16... Qb8 $142 17. Qc6 Qb6 18. Qc8+ Qd8 19. Qxa6 Nf6) 17. Qb7 {[%cal Rb7c8]} Qd6 18. Na3 Bg7 19. Rad1 {Threatening mate with Qc8+.} Bd4 20. Qc8+ Qd8 21. Qxd8+ Kxd8 22. cxd4 c4 23. Nxc4 f6 24. d5 Nd7 25. d6 e5 26. Na5 Ke8 27. f4 e4 28. f5 Kf7 29. Rde1 gxf5 30. Rxf5 Kg6 31. Rf4 f5 32. g4 Nf6 33. Rxf5 Rd8 34. Nb7 Rd7 35. Nc5 Rxd6 36. Nxe4 Re6 37. Rxf6+ {White mates.} Rxf6 38. Nxf6 Kxf6 {[%mdl 4096] Endgame KR-KPP} 39. b4 Kg5 40. a4 {[%cal Ba2a4,Ba4b5][%mdl 32]} Kxg4 41. b5 axb5 42. axb5 {KR-KP} h5 43. Kg2 h4 44. h3+ Kg5 45. Kf3 Kf5 46. Re4 Kg5 47. Rf4 Kg6 48. Ke4 Kg5 49. Ke5 Kg6 50. Ke6 Kg5 51. Rg4+ Kh5 52. Kf6 Kh6 53. Rxh4# {Accuracy: White = 100%, Black = 34%.} 1-0

[Event "CHI-ch Absoluto 2020"]
[Site "Las Condes"]
[Date "2020.02.18"]
[Round "9.1"]
[White "Valenzuela Fuentealba, Luis"]
[Black "Gomez Barrera, Gonzalo Andres"]
[Result "1-0"]
[WhiteElo "2450"]
[BlackElo "2040"]
[Annotator "TA"]
[PlyCount "27"]
[EventDate "2020.02.11"]
[EventType "tourn"]
[EventCountry "CHI"]
[SourceTitle "playchess.com"]
[Source "ChessBase"]
[SourceQuality "1"]

{[%evp 18,40,25,12,28,-25,51,37,43,0,7,0,0,-2,0,0,8,5,8,0,16,0,0,0,15]} 1. d4 Nf6 2. Nf3 g6 3. c4 Bg7 4. g3 O-O 5. Bg2 d6 6. O-O Nc6 7. Nc3 e5 8. dxe5 dxe5 9. Bg5 Be6 10. Qa4 Qc8 {E62: King's Indian: Fianchetto: 6...c6 and Panno Variation (6...Nc6) without ...a6.} 11. Rfd1 (11. Bxf6 $142 Bxf6 12. Nd2) 11... h6 (11... Nd7 $11) 12. Bxf6 $1 $14 Bxf6 {White is slightly better.} 13. Nd5 Bg7 {The position is equal.} 14. Nd2 {Played: Qa4xc6} 1-0

[Event "CHI-ch Absoluto 2020"]
[Site "Las Condes"]
[Date "2020.02.18"]
[Round "9.3"]
[White "Torres Bravo, Cristobal Renato"]
[Black "Romero Araya, Diego Alonso"]
[Result "1/2-1/2"]
[WhiteElo "2372"]
[BlackElo "2252"]
[Annotator "TA"]
[PlyCount "37"]
[EventDate "2020.02.11"]
[EventType "tourn"]
[EventCountry "CHI"]
[SourceTitle "playchess.com"]
[Source "ChessBase"]
[SourceQuality "1"]

{[%evp 19,37,0,23,-27,-23,-18,-20,-39,-36,-78,-54,-103,-103,-103,-90,-128,-125,-152,-98,-196]} 1. d4 Nf6 2. c4 g6 3. Nf3 Bg7 4. g3 O-O 5. Bg2 d6 6. O-O Nbd7 7. Nc3 e5 8. e3 Re8 9. b3 c6 10. Qc2 a6 11. Ba3 {E67: King's Indian: Fianchetto: 6...Nbd7.} e4 $1 {[%cal Re4f3]} 12. Nd2 {[%cal Rd2e4]} d5 {[#]} 13. Rae1 $146 {The position is equal.} ({Predecessor:} 13. Rac1 Nf8 14. cxd5 cxd5 15. f3 exf3 16. Rxf3 Bg4 17. Rxf6 Bxf6 18. Nxd5 Bg5 19. Nc4 {½-½ (40) Mastoras,I (2310)-Kourkounakis,I (2405) Athens 2001}) 13... Nf8 14. b4 Bf5 15. Qb2 b5 16. cxd5 cxd5 17. Nb3 Ne6 18. Qe2 h5 ({Better is} 18... Rc8 19. Nc5 Ng5) 19. Rc1 {Accuracy: White = 20%, Black = 87%.} (19. f4 $17 {is a better defense.}) 1/2-1/2

[Event "CHI-ch Absoluto 2020"]
[Site "Las Condes"]
[Date "2020.02.18"]
[Round "9.4"]
[White "Garcia Cardenas, Pablo"]
[Black "Salinas Herrera, Pablo Patricio"]
[Result "1/2-1/2"]
[WhiteElo "2424"]
[BlackElo "2502"]
[Annotator "TA"]
[PlyCount "31"]
[EventDate "2020.02.11"]
[EventType "tourn"]
[EventCountry "CHI"]
[SourceTitle "playchess.com"]
[Source "ChessBase"]
[SourceQuality "1"]

{[%evp 18,30,32,32,40,39,47,43,63,0,0,0,0,0,0]} 1. d4 Nf6 2. c4 e6 3. Nc3 d5 4. Nf3 Be7 5. Bf4 O-O 6. e3 c5 7. dxc5 Bxc5 8. a3 Nc6 {[%cal Bb8c6,Bc6d4,Bd4c2][%mdl 32]} 9. Qc2 Qa5 10. Rd1 Re8 {[#] Hoping for ...e5. Nowadays more popular than 10...Be7. D37: Queen's Gambit Declined: 5 Bf4.} 11. Nd2 e5 12. Bg5 $1 {And now Nb3 would win.} Nd4 $1 {[%cal Rd4c2]} 13. Qc1 ({Not} 13. exd4 exd4+ 14. Be2 (14. Ne2 $2 Ng4 $19) 14... dxc3 $17) (13. Qb1 $1 $14 Bf5 14. Bd3 Bxd3 15. Qxd3) 13... Bf5 $11 {The position is equal.} 14. Bxf6 $1 Nc2+ 15. Ke2 {Black must now prevent b4.} Nd4+ $1 {[#] Accuracy: White = 86%, Black = 100%.} ({Don't play} 15... gxf6 $6 16. Nxd5 Qa6 {[#]} 17. g4 $1 $18 {[%mdl 512]}) {Predecessor:} 16. Ke1 $146 1/2-1/2

[Event "CHI-ch Absoluto 2020"]
[Site "Las Condes"]
[Date "2020.02.18"]
[Round "9.5"]
[White "Aguirre Contreras, Cristian Rodrigo"]
[Black "Gasic Merino, Franco Ignacio"]
[Result "1-0"]
[WhiteElo "2187"]
[BlackElo "2168"]
[Annotator "TA"]
[PlyCount "53"]
[EventDate "2020.02.11"]
[EventType "tourn"]
[EventCountry "CHI"]
[SourceTitle "playchess.com"]
[Source "ChessBase"]
[SourceQuality "1"]

{[%evp 9,54,54,53,13,14,16,35,41,32,-17,50,-16,43,38,80,79,142,133,138,73,74,62,54,58,49,43,42,35,53,46,67,15,30,0,34,40,48,43,43,35,43,39,193,136,234,210,306]} 1. e4 d5 2. exd5 Nf6 3. Bb5+ Bd7 4. Bc4 b5 5. Be2 Nxd5 6. Bf3 {B01: Scandinavian Defence.} e6 7. Ne2 {[#]} c5 $146 ({Predecessor:} 7... Nc6 8. d4 Bb4+ 9. Bd2 Bd6 10. Nbc3 Nxc3 11. Bxc3 b4 12. Bd2 O-O 13. Bf4 Rb8 {½-½ (39) Kieninger,G-Richter,K Stuttgart 1939}) 8. Nbc3 {White is slightly better.} Bc6 9. O-O Be7 (9... Nc7 $11) 10. d4 ({Better is} 10. Nxd5 $14 exd5 11. d4) 10... c4 ({Black should try} 10... Nxc3 $11 11. Nxc3 cxd4 12. Nxb5 Bxb5 13. Bxa8 Bxf1 14. Qxf1 O-O) 11. Nxd5 $14 Bxd5 12. Nc3 b4 (12... Nc6 $142) 13. Nxd5 $16 exd5 {[#]} 14. Re1 (14. b3 $142 $1) 14... Nc6 15. c3 {aiming for Qa4.} O-O 16. Qa4 Qd7 17. Bf4 {Black must now prevent Rxe7!} Rfd8 18. Kh1 Rac8 19. h3 h5 20. Bg3 (20. Qc2 $14) 20... Qf5 21. Rad1 bxc3 22. bxc3 Bd6 23. Bxd6 Rxd6 24. Re3 Rb8 25. Rde1 g5 $2 {[#]} (25... g6 $14) 26. Qa3 (26. Bxh5 $18 {Strongly threatening Rf3.} Qxf2 27. Qd1) 26... Rdd8 (26... Rbd8 $16 {was necessary.}) 27. Bxh5 {Played: Qa3-c5} 1-0

[Event "CHI-ch Absoluto 2020"]
[Site "Las Condes"]
[Date "2020.02.19"]
[Round "10.1"]
[White "Salinas Herrera, Pablo Patricio"]
[Black "Aguirre Contreras, Cristian Rodrigo"]
[Result "1/2-1/2"]
[WhiteElo "2502"]
[BlackElo "2187"]
[Annotator "TA"]
[PlyCount "34"]
[EventDate "2020.02.11"]
[EventType "tourn"]
[EventCountry "CHI"]
[SourceTitle "playchess.com"]
[Source "ChessBase"]
[SourceQuality "1"]

{[%evp 15,34,0,14,15,28,5,0,-11,0,0,0,1,6,12,32,17,23,-56,108,0,100]} 1. d4 Nf6 2. Nf3 e6 3. Bf4 d5 4. e3 Be7 5. Nbd2 O-O 6. Bd3 c5 7. c3 Nc6 8. Ne5 Qb6 {8...Nd7 is the modern continuation.} 9. Rb1 {D02: 1 d4 d5 2 Nf3 sidelines, including 2...Nf6 3 g3 and 2...Nf6 3 Bf4.} Nd7 10. Qh5 {[%csl Gd3][%cal Rh5h7] [#]} f5 11. h4 {[#]} cxd4 $146 ({Predecessor:} 11... Nf6 12. Qe2 Bd7 13. h5 Be8 14. g4 Ne4 15. f3 Nxd2 16. Qxd2 Nxe5 17. Bxe5 Bd6 18. Bxd6 Qxd6 {1-0 (31) Osthoff,M (2109)-Neumann,L (1830) Bayerisch Eisenstein 2017}) 12. Nxd7 Bxd7 13. exd4 Bf6 14. O-O e5 15. dxe5 Nxe5 16. Bc2 (16. Bxe5 $11 Bxe5 17. Nf3) 16... Nc6 $2 {[#]} (16... Ng4 $1 $15 17. Bxf5 g6 18. Qxg4 Bxf5) 17. Bd3 (17. Qf3 $16 Ne7 18. h5) 17... Qa5 {Accuracy: White = 68%, Black = 67%.} (17... Ne5 $11 {keeps the balance.} 18. Bxe5 Bxe5) 1/2-1/2

[Event "CHI-ch Absoluto 2020"]
[Site "Las Condes"]
[Date "2020.02.19"]
[Round "10.2"]
[White "Romero Araya, Diego Alonso"]
[Black "Garcia Cardenas, Pablo"]
[Result "1-0"]
[WhiteElo "2252"]
[BlackElo "2424"]
[Annotator "TA"]
[PlyCount "97"]
[EventDate "2020.02.11"]
[EventType "tourn"]
[EventCountry "CHI"]
[SourceTitle "playchess.com"]
[Source "ChessBase"]
[SourceQuality "1"]

{[%evp 19,97,-7,0,0,0,-37,5,-28,-17,-38,-31,-64,-63,-61,30,40,144,160,140,153,151,113,118,70,75,74,133,39,33,41,47,45,75,41,65,45,52,41,79,70,74,74,71,72,72,70,57,25,31,25,119,118,187,169,188,103,398,392,588,578,560,525,620,614,793,810,1416,1322,1879,1865,5161,7391,29959,29946,29950,29950,6725,5804,29975,29950]} 1. e4 c5 2. Nf3 d6 3. d4 cxd4 4. Nxd4 Nf6 5. Nc3 a6 6. Bc4 e6 7. Bb3 b5 8. O-O Be7 9. Qf3 Qb6 10. Bg5 O-O 11. Rad1 {B87: Sicilian Scheveningen/Najdorf: 6 Bc4, with early ...b5.} Nbd7 12. Qg3 Kh8 13. Be3 {Nxe6 is the strong threat.The position is equal.} Nc5 14. f3 Bd7 {[#]} 15. e5 $146 ({Predecessor:} 15. Nce2 Qc7 16. c3 Nxb3 17. Nxb3 e5 18. Qf2 Rfb8 19. Rd2 a5 20. Rfd1 Be6 21. Nbc1 {½-½ (44) Nordahl,N (2348)-Cortes Olivares,R (2350) ICCF email 2008}) 15... dxe5 16. Qxe5 b4 {[#]} (16... Qb8 $15 17. Qxb8 Raxb8) 17. Nf5 $1 $36 {[%cal Rf5e7][%mdl 2560] White is more active.} exf5 (17... Qa5 $1 $14 18. Nxe7 Nxb3) 18. Qxe7 $16 bxc3 19. Bxc5 Qc6 20. Qe5 Rfc8 21. Ba3 Be6 22. Rd6 Qc7 (22... Qb5 $142 23. Qd4 cxb2 24. Bxb2 Qe2) 23. Qd4 (23. Bxe6 $16 fxe6 24. b3) 23... cxb2 $14 24. Bxb2 Ne8 25. Rb6 Rd8 26. Qf2 (26. Qb4 $5 {[%cal Rb4f8]} Rd6 27. Rxd6 Qxd6 28. Qxd6 Nxd6 29. Re1 $16) 26... Rd6 27. Rb4 {And now Be5 would win.} Qd8 28. Re1 Nf6 29. Rd4 Rxd4 30. Qxd4 Qxd4+ 31. Bxd4 Nd5 32. c4 Nb4 33. c5 Bxb3 34. axb3 $11 {[%mdl 4096] Endgame KRB-KRN} Nc2 (34... Kg8 $11) 35. Rd1 $16 {Strongly threatening c6.} Nxd4 (35... Rc8 $16) 36. Rxd4 {aiming for c6. KR-KR} g6 37. Ra4 ({White should try} 37. Kf2 $18) 37... Rb8 $2 {[%mdl 8192] [#]} (37... Rc8 $16) 38. b4 $1 $18 f4 (38... Kg7 {was necessary.} 39. Kf2 (39. Rxa6 Rxb4 40. Kf2 Rc4 $11) 39... Kf6) 39. Kf1 Kg7 {[#]} 40. Ke2 $1 {[%cal Re2d3]} g5 41. Kd3 h5 42. Kc4 Rd8 43. Rxa6 Rd2 44. b5 {[%cal Bb4b5,Bb5b6][%mdl 32]} Rxg2 45. b6 Rb2 46. c6 g4 47. c7 gxf3 48. Kc3 Rb1 49. Ra2 {Accuracy: White = 64%, Black = 40%.} 1-0

[Event "CHI-ch Absoluto 2020"]
[Site "Las Condes"]
[Date "2020.02.19"]
[Round "10.3"]
[White "Reinuaba Escobar, Carlos"]
[Black "Torres Bravo, Cristobal Renato"]
[Result "0-1"]
[WhiteElo "2184"]
[BlackElo "2372"]
[Annotator "TA"]
[PlyCount "50"]
[EventDate "2020.02.11"]
[EventType "tourn"]
[EventCountry "CHI"]
[SourceTitle "playchess.com"]
[Source "ChessBase"]
[SourceQuality "1"]

{[%evp 9,88,33,18,21,38,24,28,29,32,22,38,27,20,20,22,15,17,10,36,-20,-2,-41,-14,-35,-25,-25,12,0,0,0,0,0,0,0,0,-7,-2,-11,-7,-15,-13,-140,-144,-172,-165,-164,-163,-208,-140,-105,0,0,0,0,0,0,0,-145,-100,-150,-156,-159,-170,-180,-90,-82,0,0,0,0,0,0,0,0,1162,0,0,0,0,-29982,-29983]} 1. b3 e5 2. Bb2 Nc6 3. e3 a6 4. c4 Nf6 5. Nf3 e4 6. Nd4 {A01: Nimzowitsch-Larsen Opening.} Nxd4 7. Bxd4 c6 8. Nc3 {White has an edge.} d5 9. cxd5 cxd5 {[#]} 10. Be2 $146 ({Predecessor:} 10. d3 Be6 11. Be2 Bd6 12. Rc1 O-O 13. O-O Rc8 14. dxe4 dxe4 15. Bxf6 Qxf6 16. Nxe4 Bxh2+ 17. Kxh2 {½-½ (28) Giobbi,C (2231)-Galje,H (2287) ICCF email 2013}) 10... Be7 11. O-O O-O 12. Rc1 Bf5 13. f3 exf3 14. Rxf3 (14. Bxf3 $14 Be6 15. Ne2) 14... Bg6 $11 15. d3 Qa5 16. Rf2 Rac8 17. Bf3 Rfd8 (17... Bc5 {keeps more tension.} 18. Bxc5 Rxc5 19. Na4 Rxc1 20. Qxc1 Re8) 18. Bxf6 Bxf6 19. Nxd5 $1 Rxc1 $1 20. Nxf6+ gxf6 21. Qxc1 Rxd3 22. Re2 b5 23. Kf2 Kg7 24. h4 Qb4 25. h5 {[#]} (25. g3 $11 {keeps the balance.}) 25... Qh4+ {Played: Bg6xh5} 0-1

[Event "CHI-ch Absoluto 2020"]
[Site "Las Condes"]
[Date "2020.02.19"]
[Round "10.4"]
[White "Gomez Barrera, Gonzalo Andres"]
[Black "Vergara Jofre, Felipe Andres"]
[Result "1-0"]
[WhiteElo "2040"]
[BlackElo "2217"]
[Annotator "TA"]
[PlyCount "171"]
[EventDate "2020.02.11"]
[EventType "tourn"]
[EventCountry "CHI"]
[SourceTitle "playchess.com"]
[Source "ChessBase"]
[SourceQuality "1"]

{[%evp 12,171,17,6,11,5,2,6,6,8,2,4,4,1,1,10,9,-21,-22,-33,-31,-29,-20,-58,-47,-55,-57,-80,-59,-258,-254,-250,-252,-231,-213,-295,-323,-323,-282,-323,-295,-259,-39,-46,73,72,69,133,137,64,55,45,43,67,60,58,70,42,48,0,0,-42,-67,-400,-397,-390,-385,-388,-383,-383,-347,-356,-332,-362,-328,-285,-301,-344,-309,-259,0,0,0,-120,-59,-60,-67,-178,0,0,0,0,0,0,0,0,0,0,0,0,0,0,0,0,0,0,0,0,0,0,0,0,0,0,0,0,0,0,5346,5346,5346,4955,5120,4920,29950,5120,5120,4945,4906,4889,4578,4578,29960,29957,11156,4959,4945,4931,4930,4922,29976,29977,29977,29978,29978,29979,29979,29980,29980,29979,29996,29997,29997,29998,29998,29997,29998,29998,29998,29998,29998,29999]} 1. e4 e5 2. Nf3 Nc6 3. Bc4 Bc5 4. d3 Nf6 5. O-O O-O 6. c3 d6 7. Nbd2 {7.Re1 is the modern continuation.} a5 {C54: Giuoco Piano: 4 c3 Nf6, main lines with 5 d4 and 5 d3.} 8. h3 h6 9. Re1 Be6 {The position is equal.} 10. Bb5 Qb8 11. Nf1 Qa7 12. Be3 Bxe3 13. Nxe3 Ne7 {[#]} 14. d4 $146 ({Predecessor:} 14. a4 Rad8 15. Bc4 Bc8 16. Qc2 c6 17. Ba2 Ng6 18. Rad1 Rfe8 19. Kh2 d5 20. exd5 cxd5 {½-½ (75) Vachier Lagrave,M (2775)-Mamedyarov,S (2765) Paris 2019}) 14... Nxe4 15. dxe5 dxe5 16. Bd3 Rad8 $36 {[%mdl 2048] ...Nc5 is the strong threat. Black is more active.} 17. Qc2 {[#]} Nxf2 $1 {[%mdl 512]} 18. Kxf2 (18. Qxf2 Rxd3) 18... f5 19. Kf1 e4 20. Bc4 $2 (20. Bxe4 $1 $15 fxe4 21. Qxe4) 20... Bxc4+ $19 21. Nxc4 exf3 22. gxf3 Nd5 23. Qf2 Qa6 24. b3 Nxc3 25. Qc5 Rd3 26. Re3 Ne4 $2 (26... Rxe3 $19 27. Qxe3 Qf6) 27. fxe4 $15 b6 (27... fxe4+ $15 28. Kg2 Qe6 29. Rxd3 exd3) 28. Qxf8+ $1 $16 Kxf8 29. Rxd3 b5 30. Ne3 (30. Ne5 $16 fxe4 31. Re3) 30... Qf6 $14 31. e5 Qxe5 32. Rad1 Kg8 33. Nd5 c6 34. Re1 Qh2 35. Ne7+ Kh7 36. Nc8 Qxa2 37. Rd7 $2 {[%mdl 8192]} ({Better is} 37. Nd6 $1 $15) 37... Qxb3 $19 38. Ree7 Qxh3+ 39. Kf2 Qh4+ 40. Kf1 Qf4+ 41. Ke1 Qg3+ 42. Kd1 Qg1+ 43. Kd2 Qf2+ 44. Kd1 Qf3+ 45. Kd2 Kg6 $2 ({Black should play} 45... Qg2+ $1 $19 46. Kd1 h5) 46. Rxg7+ $11 Kh5 47. Rd3 (47. Rdf7 $1 $11 {was the only way to keep the balance.}) 47... Qf2+ ({Black should try} 47... Qf4+ $1 $17 48. Kc2 Qc4+ 49. Rc3 Qe2+ 50. Kc1 Qe1+ 51. Kc2 Qe4+ 52. Kc1 Qe1+ 53. Kc2 Qf2+ 54. Kb1 Qe1+ 55. Kc2) 48. Kd1 $15 Qf1+ {[%mdl 64] Double Attack} 49. Kd2 (49. Kc2 $15) 49... c5 $2 (49... f4 $19 50. Re7 Qb1) 50. Rdg3 $11 c4 51. Rg1 Qf4+ 52. Ke1 {Hoping for Rh1+.} Qe4+ 53. Kf2 Qh4+ 54. Kf3 {aiming for Nd6.} Qe4+ 55. Kf2 Qd4+ 56. Kf3 {Intending Rh1+ and mate.} Qd5+ 57. Kf2 c3 58. R7g2 {[%cal Rg2h2]} Qd4+ 59. Kf1 Qd3+ 60. Kf2 {Rh2+ would kill now.} Qh3 61. Rg3 {[%cal Rg3h3]} Qh4 {Threatens to win with ...f4.} 62. Kg2 {Strongly threatening Rh3.} Qe4+ 63. Kh2 Qf4 64. Kg2 {Threatening mate with Rh1+.} Qd2+ $2 {[%mdl 8192]} (64... Qe4+ $11 65. Kh2 Qf4) 65. Kh1 $18 {[%cal Rg3h3]} Qd5+ 66. Kh2 {[%cal Rg3h3]} Qe5 {[#]} 67. Rh1 $1 {[%cal Rh2g2]} Qe4 {[#]} 68. Kg1+ (68. Nd6 $142 $1 {[%mdl 512]} Qd5 69. Kg1+ Qxh1+ 70. Kxh1 c2 71. Rg1 b4 72. Nxf5 b3 73. Nd4) 68... Qxh1+ 69. Kxh1 b4 70. Nd6 f4 71. Rg1 c2 72. Nb5 b3 73. Na3 f3 74. Rc1 Kg4 {[#]} 75. Nxc2 $1 bxc2 76. Rxc2 {[%mdl 4096] Endgame KR-K3P. White mates.} Kg3 77. Kg1 h5 78. Rc5 f2+ 79. Kf1 h4 80. Rc3+ Kh2 81. Kxf2 h3 82. Ra3 a4 83. Rxa4 Kh1 84. Ra2 Kh2 85. Rb2 Kh1 86. Kg3 {Accuracy: White = 72%, Black = 80%.} 1-0